000 00557nam a2200217Ia 4500
005 20250505125023.0
008 008 250505s9999 xx 000 0 eng d
037 _aTextbook
040 _aLCO
_beng
_cLCO
041 _aeng
_2eng
084 _aZ2,71,11 R4
_qLCO
100 _aKumar, Narender
245 0 _aKey to civil court
_cNarender Kumar
250 _a1st
260 _aHaryana, India
_bLexis Nexis
_c2024
300 _a269
365 _aINR
_b595
650 _aLaw
942 _cTB
_hZ2,71,11 R4
999 _c1311120
_d1311120